000 00412nam a22001217a 4500
005 20260629144723.0
100 _aMuhammad Saleem
_a21-MSCS-08
_aSupervisor - Dr. Shahzaman Nizamani
_91052
245 _aSecurity Analysis of Fingerprint Based Authentication System Using Presentation Attack
260 _aNawabshah
_bQUEST
_c2025
300 _a82p.
700 _aDepartment of Computer Science
_91007
942 _cTHESIS
999 _c69105
_d69102